000 00781nam a2200253Ia 4500
003 OSt
005 20220918200632.0
006 a|||||r|||| 00| 0
007 ta
008 220917b |||||||| |||| 00| 0 eng d
024 _a89,668
037 _cTextual
040 _aARTS
_cARTS
_beng
041 _2eng
_aeng
082 _aU298p3,N78, M0
110 _aMeeting On The Middle Atmosphere As Observed From Ballossrockets Anbd Statellites (London)
_994983
245 0 _aPapers
260 _aLondon
_bRoyal Society
_c1980
300 _av,368p.
_ccm.
650 _aGEOGRAPHY
700 _aMeeting On The Middle Atmosphere As Observed From Ballossrockets Anbd Statellites (London)
_994984
942 _hU298p3,N78, M0
_cTEXL
_2CC
999 _c213337
_d213337